[Event "Regionalliga NW 1415"]
[Site "Bayern"]
[Date "2015.03.15"]
[Round "8.6"]
[White "Hauck, Juergen"]
[Black "Menzel, Felix"]
[Result "0-1"]
[WhiteElo "1749"]
[BlackElo "1783"]
[PlyCount "121"]
[EventDate "2014.10.19"]
[EventType "team-tourn"]
[EventRounds "9"]
[EventCountry "GER"]
[SourceTitle "EXT 2018"]
[Source "ChessBase"]
[SourceDate "2017.10.13"]
[SourceVersion "1"]
[SourceVersionDate "2017.10.13"]
[SourceQuality "1"]
[WhiteTeam "Mainaschaff"]
[BlackTeam "Hoechstadt/Aisch"]
[WhiteTeamCountry "GER"]
[BlackTeamCountry "GER"]

1. e4 c5 2. Nf3 d6 3. c3 Nc6 4. Be2 g6 5. 0-0 Bg7 6. d4 cxd4 7. cxd4 Nf6 8. Nc3 0-0 9. h3 Bd7 10. Be3 a6 11. d5 Ne5 12. Nxe5 dxe5 13. Qb3 b5 14. Rfd1 Qb8 15. Bc5 Re8 16. Bf3 Qc7 17. Be3 Rec8 18. Rd2 Qd6 19. a3 Rc7 20. Qb4 Rac8 21. Be2 Ne8 22. Qb3 Nf6 23. Qd1 Rb7 24. Bd3 Ne8 25. Qe2 Qf6 26. f3 Nd6 27. Rf1 Bf8 28. f4 exf4 29. Rxf4 Qg7 30. Qf2 e5 31. dxe6 fxe6 32. e5 Ne8 33. Ne4 Be7 34. Nf6+ Bxf6 35. exf6 Qf7 36. Qh4 e5 37. Rf1 Be6 38. Be4 Rbc7 39. Qg5 Rc1 40. Rdf2 Rxf1+ 41. Rxf1 Nd6 42. Qxe5 Nxe4 43. Qxe4 Bf5 44. Qe7 Re8 45. Qxf7+ Kxf7 46. Bd4 Re2 47. Rc1 Bc2 48. Kf1 Bd3 49. Kg1 Bc2 50. Kh2 Be4 51. Rc7+ Ke6 52. Kg3 g5 53. Re7+ Kd5 54. Bf2 h5 55. Rxe4 Rxe4 56. f7 Rf4 57. Be3 Rxf7 58. Bxg5 Ke4 59. Kh4 Rh7 60. g4 hxg4+ 61. Kxg4 0-1

[Event "Regionalliga NW 1112"]
[Site "Bayern"]
[Date "2011.10.23"]
[Round "2.6"]
[White "Hauck, Juergen"]
[Black "Becker, Tobias"]
[Result "0-1"]
[WhiteElo "1839"]
[BlackElo "1971"]
[PlyCount "76"]
[EventDate "2011.10.02"]
[EventType "team-tourn"]
[EventRounds "9"]
[EventCountry "GER"]
[SourceTitle "EXT 2013"]
[Source "ChessBase"]
[SourceDate "2012.11.22"]
[SourceVersion "1"]
[SourceVersionDate "2012.11.22"]
[SourceQuality "1"]
[WhiteTeam "Mainaschaff"]
[BlackTeam "Kronach"]
[WhiteTeamCountry "GER"]
[BlackTeamCountry "GER"]

1. e4 c5 2. Nf3 d6 3. d4 cxd4 4. Nxd4 Nf6 5. Nc3 g6 6. f3 Bg7 7. Be3 0-0 8. Qd2 Nc6 9. 0-0-0 Nxd4 10. Bxd4 Be6 11. Kb1 a6 12. g4 b5 13. h4 Rb8 14. h5 b4 15. Nd5 Bxd5 16. exd5 Qa5 17. hxg6 fxg6 18. Bc4 Rbc8 19. Bb3 Rf7 20. Qe3 Qb5 21. Qe6 Rcf8 22. Rd3 a5 23. c4 bxc3 24. Rxc3 Nd7 25. Bc4 Qb7 26. Bxg7 Kxg7 27. Qe3 Ne5 28. Bd3 Qxd5 29. Be4 Qe6 30. Qh6+ Kg8 31. Bf5 Qd5 32. Be4 Qd4 33. Bc2 a4 34. Rd1 Qf4 35. Qxf4 Rxf4 36. Be4 Nxf3 37. Bxf3 Rxf3 38. Rxf3 Rxf3 0-1

[Event "Unterfranken-ch M2 56th"]
[Site "Stetten"]
[Date "2005.03.29"]
[Round "4"]
[White "Hauck, Juergen"]
[Black "Neubauer, Jaroslaus"]
[Result "1/2-1/2"]
[WhiteElo "1827"]
[BlackElo "1892"]
[PlyCount "77"]
[EventDate "2005.03.28"]
[EventType "swiss"]
[EventRounds "9"]
[EventCountry "GER"]
[SourceTitle "EXT 2015"]
[Source "ChessBase"]
[SourceDate "2014.11.20"]
[SourceVersion "1"]
[SourceVersionDate "2014.11.20"]
[SourceQuality "1"]

1. e4 e6 2. d4 d5 3. Nd2 dxe4 4. Nxe4 Nf6 5. Bd3 Be7 6. Nf3 Nbd7 7. 0-0 0-0 8. Qe2 b6 9. Nfg5 Bb7 10. Nxe6 fxe6 11. Ng5 Qe8 12. Nxe6 Bd6 13. Nxf8 Qxe2 14. Bxe2 Rxf8 15. Bc4+ Bd5 16. Bxd5+ Nxd5 17. c4 Nb4 18. Be3 Bf4 19. g3 Bxe3 20. fxe3 Nc2 21. Rxf8+ Nxf8 22. Rc1 Nxe3 23. b3 Nf5 24. d5 Nd7 25. Re1 Nf6 26. g4 Nd6 27. Re7 Nfe8 28. Rd7 Kf8 29. Kg2 Ne4 30. Kf3 Nc5 31. Rd8 Ke7 32. Ra8 a5 33. g5 Kd7 34. h4 g6 35. Ke3 Nb7 36. Kd4 Nc5 37. Ke3 Nb7 38. Kd4 Nc5 39. Ke3 1/2-1/2

[Event "Unterfranken-ch M1 54th"]
[Site "Moembris"]
[Date "2003.04.25"]
[Round "8"]
[White "Krenz, Dieter"]
[Black "Hauck, Juergen"]
[Result "1-0"]
[WhiteElo "1836"]
[BlackElo "1547"]
[PlyCount "87"]
[EventDate "2003.04.21"]
[EventType "swiss"]
[EventRounds "9"]
[EventCountry "GER"]
[SourceTitle "EXT 2015"]
[Source "ChessBase"]
[SourceDate "2014.11.20"]
[SourceVersion "1"]
[SourceVersionDate "2014.11.20"]
[SourceQuality "1"]

1. Nf3 Nf6 2. d4 g6 3. Bg5 Bg7 4. Nbd2 d5 5. e3 0-0 6. Bd3 c5 7. c3 cxd4 8. exd4 Nc6 9. h3 Qc7 10. 0-0 Nd7 11. Re1 e5 12. dxe5 Ndxe5 13. Bf4 Re8 14. Bb5 Bd7 15. Bg3 a6 16. Ba4 Rad8 17. Nd4 Qc8 18. N2f3 Nxd4 19. Nxe5 Bxa4 20. Qxa4 Nf5 21. Bh2 b5 22. Qb3 Qb7 23. Nf3 Re4 24. Rad1 Rde8 25. Rf1 d4 26. cxd4 Nxd4 27. Nxd4 Bxd4 28. Rc1 Qb6 29. Rc7 Bxf2+ 30. Kh1 R8e6 31. Rc8+ Kg7 32. Qc3+ Bd4 33. Qb4 Re7 34. Bd6 Re1 35. Rxe1 Rxe1+ 36. Qxe1 Qxd6 37. Qe8 Qf4 38. Qf8+ Kf6 39. Rc6+ Kg5 40. Qd8+ Kh6 41. Qf8+ Kh5 42. g4+ Kh4 43. Qe7+ Kxh3 44. Qe2 1-0

[Event "Unterfranken-ch M1 54th"]
[Site "Moembris"]
[Date "2003.04.23"]
[Round "5"]
[White "Jahrsdoerfer, Gerd"]
[Black "Hauck, Juergen"]
[Result "1-0"]
[WhiteElo "2084"]
[BlackElo "1547"]
[PlyCount "104"]
[EventDate "2003.04.21"]
[EventType "swiss"]
[EventRounds "9"]
[EventCountry "GER"]
[SourceTitle "EXT 2015"]
[Source "ChessBase"]
[SourceDate "2014.11.20"]
[SourceVersion "1"]
[SourceVersionDate "2014.11.20"]
[SourceQuality "1"]

1. e4 d5 2. exd5 Nf6 3. Bb5+ Bd7 4. Bc4 Bg4 5. f3 Bc8 6. Nc3 a6 7. a4 b6 8. d3 Bb7 9. Bf4 Nbd7 10. Qe2 Nh5 11. Bd2 g6 12. Nh3 Bg7 13. g4 Nhf6 14. Nf4 0-0 15. 0-0 b5 16. axb5 axb5 17. Rxa8 Bxa8 18. Bxb5 Nb6 19. Bc4 Nbxd5 20. Ncxd5 Nxd5 21. Bxd5 Bxd5 22. Nxd5 Qxd5 23. Qxe7 Qd4+ 24. Kg2 Qxb2 25. Qxc7 Be5 26. Qc4 Qb8 27. Bc3 Bxc3 28. Qxc3 Rc8 29. Qb3 Qf4 30. Rf2 h5 31. Qb7 Re8 32. Qd7 Re6 33. Qc8+ Kh7 34. Qc4 Qxc4 35. dxc4 Rc6 36. gxh5 gxh5 37. f4 Rxc4 38. Kf3 Kg6 39. Ke3 Kf5 40. Kd3 Re4 41. c4 h4 42. c5 Re1 43. c6 Rc1 44. Rc2 Rd1+ 45. Ke2 Rd8 46. c7 Rc8 47. Kf3 Ke6 48. Kg4 f5+ 49. Kxh4 Kd5 50. Kg5 Ke4 51. h4 Rg8+ 52. Kf6 Rf8+ 1-0

[Event "Unterfranken-ch M1 54th"]
[Site "Moembris"]
[Date "2003.04.22"]
[Round "3"]
[White "Hauck, Juergen"]
[Black "Rauch, Andreas"]
[Result "0-1"]
[WhiteElo "1547"]
[BlackElo "1930"]
[PlyCount "118"]
[EventDate "2003.04.21"]
[EventType "swiss"]
[EventRounds "9"]
[EventCountry "GER"]
[SourceTitle "EXT 2015"]
[Source "ChessBase"]
[SourceDate "2014.11.20"]
[SourceVersion "1"]
[SourceVersionDate "2014.11.20"]
[SourceQuality "1"]

1. e4 e6 2. d4 d5 3. Nc3 Bb4 4. e5 c5 5. a3 Bxc3+ 6. bxc3 cxd4 7. cxd4 Ne7 8. Nf3 b6 9. Bd3 Ba6 10. 0-0 Bxd3 11. Qxd3 Nbc6 12. Bg5 h6 13. Bd2 0-0 14. g4 Ng6 15. h3 Nh4 16. Ne1 f5 17. f4 Rf7 18. c3 Na5 19. Nc2 Nc4 20. Be1 Ng6 21. Qg3 Ne7 22. g5 hxg5 23. Qxg5 g6 24. Kh2 Qf8 25. Rg1 Rh7 26. Rd1 Qh6 27. Rd3 Qxg5 28. Rxg5 Kf7 29. h4 Rc8 30. Rh3 Rch8 31. Kg2 Rh5 32. Rxh5 Rxh5 33. Rd3 Rh8 34. Rd1 Rc8 35. Rb1 Nc6 36. Kf2 Rh8 37. Ke2 Rb8 38. a4 Rb7 39. Nb4 Nxb4 40. Rxb4 Kg7 41. Rb1 Rc7 42. Ra1 Rc8 43. Ra2 Kh6 44. Kf3 Kg7 45. Rg2 Kf7 46. Ra2 Rb8 47. Ke2 a5 48. Kd3 b5 49. axb5 Rxb5 50. Bd2 Rb2 51. Rxb2 Nxb2+ 52. Kc2 Nc4 53. Bc1 a4 54. Kb1 Kg7 55. Ka2 Kh6 56. Ba3 Kh5 57. Be7 Kg4 58. Bg5 Kf3 59. Bh6 Ke3 0-1

[Event "Unterfranken-ch M1 54th"]
[Site "Moembris"]
[Date "2003.04.21"]
[Round "1"]
[White "Hauck, Juergen"]
[Black "Hodova, Lucie"]
[Result "0-1"]
[WhiteElo "1547"]
[BlackElo "1927"]
[PlyCount "56"]
[EventDate "2003.04.21"]
[EventType "swiss"]
[EventRounds "9"]
[EventCountry "GER"]
[SourceTitle "EXT 2015"]
[Source "ChessBase"]
[SourceDate "2014.11.20"]
[SourceVersion "1"]
[SourceVersionDate "2014.11.20"]
[SourceQuality "1"]

1. f4 e5 2. fxe5 d6 3. exd6 Bxd6 4. Nf3 g5 5. g3 g4 6. Nh4 Ne7 7. d4 Ng6 8. Nxg6 hxg6 9. Qd3 Bf5 10. e4 Qe7 11. Bg2 Nc6 12. c3 0-0-0 13. Bf4 Bxf4 14. gxf4 Bxe4 15. Bxe4 f5 16. Nd2 fxe4 17. Qg3 Qe6 18. Rg1 Ne7 19. Qxg4 Qxg4 20. Rxg4 Rxh2 21. 0-0-0 e3 22. Nf3 Rf2 23. Ne5 Rh8 24. Re1 Rhh2 25. Nd3 Rc2+ 26. Kb1 Rcd2 27. Nc1 Rxb2+ 28. Ka1 Nd5 0-1

[Event "Unterfranken-ch M2 51th"]
[Site "Sailauf"]
[Date "2000.04.25"]
[Round "2"]
[White "Hauck, Juergen"]
[Black "Krausert, Helmut"]
[Result "1/2-1/2"]
[WhiteElo "1547"]
[BlackElo "1854"]
[PlyCount "71"]
[EventDate "2000.04.24"]
[EventType "swiss"]
[EventRounds "9"]
[EventCountry "GER"]
[SourceTitle "EXT 2015"]
[Source "ChessBase"]
[SourceDate "2014.11.20"]
[SourceVersion "1"]
[SourceVersionDate "2014.11.20"]
[SourceQuality "1"]

1. Nf3 Nf6 2. g3 d5 3. Bg2 e6 4. 0-0 Be7 5. d3 0-0 6. Nbd2 Nbd7 7. c4 c5 8. b3 Rb8 9. Bb2 d4 10. e3 e5 11. e4 Bd6 12. h3 g6 13. Re1 Qc7 14. Nf1 Re8 15. Bc1 Nh5 16. Bh6 Nf8 17. Kh2 Bd7 18. Ng1 Ng7 19. g4 f6 20. Bxg7 Kxg7 21. Ng3 Ne6 22. f3 Nf4 23. N1e2 Re7 24. Nxf4 exf4 25. Nh1 Be5 26. Nf2 Rh8 27. Rh1 h5 28. Kg1 Kf8 29. Kf1 Reh7 30. Ke2 a5 31. Qd2 g5 32. Rag1 h4 33. Rb1 Kg7 34. Rhc1 Ra8 35. a4 Kg6 36. Kf1 1/2-1/2

[Event "Regionalliga NW 9899"]
[Site "Bayern"]
[Date "1999.??.??"]
[Round "6.8"]
[White "Hauck, Juergen"]
[Black "Seubert, Karl"]
[Result "0-1"]
[WhiteElo "1875"]
[BlackElo "1925"]
[PlyCount "82"]
[EventDate "1998.??.??"]
[EventType "team-tourn"]
[EventRounds "9"]
[EventCountry "GER"]
[SourceTitle "EXT 2020"]
[Source "ChessBase"]
[SourceDate "2019.10.17"]
[SourceVersion "1"]
[SourceVersionDate "2019.10.17"]
[SourceQuality "1"]
[WhiteTeam "Mainaschaff"]
[BlackTeam "Wuerzburg II"]
[WhiteTeamCountry "GER"]
[BlackTeamCountry "GER"]

1. Nf3 c5 2. e4 d6 3. d4 cxd4 4. Nxd4 Nf6 5. Nc3 a6 6. Bd3 e5 7. Nb3 Bg4 8. f3 Be6 9. 0-0 Qb6+ 10. Kh1 Be7 11. Qe2 0-0 12. Be3 Qc7 13. Na4 Nbd7 14. c4 b6 15. Nc3 Rfc8 16. Nd5 Bxd5 17. exd5 Nc5 18. Bf5 Re8 19. Nd2 a5 20. Rac1 g6 21. Bb1 Nh5 22. g3 f5 23. Qg2 Ng7 24. g4 Rf8 25. gxf5 Nxf5 26. Bxf5 Rxf5 27. Bxc5 bxc5 28. Ne4 Rb8 29. b3 Rbf8 30. Rc3 Qd8 31. Qg4 Kh8 32. Rg1 Qc8 33. Rg3 Rf4 34. Qe6 Qd8 35. Kg2 Kg7 36. h3 R4f5 37. h4 Rh5 38. Ng5 Bxg5 39. hxg5 Rxg5 40. Rxg5 Qxg5+ 41. Kf1 Qd2 0-1

[Event "Regionalliga NW 9899"]
[Site "Bayern"]
[Date "1999.??.??"]
[Round "7.7"]
[White "Hauck, Juergen"]
[Black "Wambach, Juergen"]
[Result "1-0"]
[WhiteElo "1875"]
[BlackElo "2000"]
[PlyCount "96"]
[EventDate "1998.??.??"]
[EventType "team-tourn"]
[EventRounds "9"]
[EventCountry "GER"]
[SourceTitle "EXT 2020"]
[Source "ChessBase"]
[SourceDate "2019.10.17"]
[SourceVersion "1"]
[SourceVersionDate "2019.10.17"]
[SourceQuality "1"]
[WhiteTeam "Mainaschaff"]
[BlackTeam "Klingenberg"]
[WhiteTeamCountry "GER"]
[BlackTeamCountry "GER"]

1. Nf3 d5 2. g3 Nf6 3. Bg2 e6 4. 0-0 c5 5. d3 Nc6 6. Nbd2 Be7 7. e4 0-0 8. c3 d4 9. cxd4 Nxd4 10. Nxd4 Qxd4 11. Nf3 Qd7 12. Qb3 b6 13. Rd1 Bb7 14. Bf4 Rfd8 15. Be5 Bc6 16. a4 Qb7 17. Bc3 Nd7 18. Nd2 Bf6 19. Nc4 Bd4 20. Bh3 Qc7 21. Bxd4 cxd4 22. f4 Nc5 23. Qc2 a5 24. Ne5 Rac8 25. b3 Bb7 26. Nc4 Na6 27. Rac1 Nc5 28. Qb2 Ba6 29. e5 Bxc4 30. Rxc4 Qd7 31. Bf1 f6 32. exf6 gxf6 33. Rdc1 Qd5 34. Qe2 Qf5 35. b4 axb4 36. Rxb4 Rc6 37. Rb5 Rcd6 38. Rcb1 e5 39. a5 exf4 40. axb6 fxg3 41. hxg3 Rd5 42. b7 Rb8 43. Bg2 Re5 44. Qf3 Qxf3 45. Bxf3 Kf8 46. Rc1 Na6 47. Rc8+ Ke7 48. Rb6 Re3 1-0

[Event "Regionalliga NW 9899"]
[Site "Bayern"]
[Date "1998.??.??"]
[Round "3.7"]
[White "Kassubek, Wolfgang"]
[Black "Hauck, Juergen"]
[Result "1-0"]
[WhiteElo "1975"]
[BlackElo "1875"]
[PlyCount "131"]
[EventDate "1998.??.??"]
[EventType "team-tourn"]
[EventRounds "9"]
[EventCountry "GER"]
[SourceTitle "EXT 2020"]
[Source "ChessBase"]
[SourceDate "2019.10.17"]
[SourceVersion "1"]
[SourceVersionDate "2019.10.17"]
[SourceQuality "1"]
[WhiteTeam "Schweinfurt Fr"]
[BlackTeam "Mainaschaff"]
[WhiteTeamCountry "GER"]
[BlackTeamCountry "GER"]

1. Nf3 d5 2. d4 Nf6 3. Bg5 e6 4. e3 Be7 5. Bd3 0-0 6. Nbd2 Nbd7 7. 0-0 c5 8. c3 b6 9. Ne5 Bb7 10. Qb1 h6 11. Bh4 Nxe5 12. dxe5 Ng4 13. Bg3 f6 14. exf6 Nxf6 15. e4 Nh5 16. Qe1 Bg5 17. Rd1 Nxg3 18. hxg3 Bxd2 19. Rxd2 Qc7 20. e5 g5 21. Qe2 Qg7 22. Qh5 Bc6 23. Re2 Be8 24. Qg4 Bf7 25. f4 Rae8 26. Ref2 Bg6 27. Qe2 Bxd3 28. Qxd3 gxf4 29. gxf4 Rf5 30. Rf3 Kh8 31. Rg3 Qf7 32. Rgf3 Rg8 33. g3 Rg4 34. Qe2 Qg6 35. Qh2 Kg7 36. Kf2 h5 37. Ke1 Kf7 38. Rg1 Ke7 39. Qe2 Rfxf4 40. Rxf4 Rxf4 41. gxf4 Qxg1+ 42. Kd2 Qg4 43. Qh2 Kf7 44. Ke3 Kg6 45. a3 h4 46. Qc2+ Kh6 47. Qh2 Qg3+ 48. Qxg3 hxg3 49. Kf3 Kg6 50. Kxg3 Kf5 51. Kf3 c4 52. a4 a6 53. Kg3 Ke4 54. Kg4 b5 55. axb5 axb5 56. Kg5 b4 57. f5 bxc3 58. bxc3 d4 59. fxe6 dxc3 60. e7 c2 61. e8Q c1Q+ 62. Kg6 Qg1+ 63. Kf6 Qf2+ 64. Ke6 Qf5+ 65. Kd6 Qf6+ 66. exf6+ 1-0